Who will bell the cat? : & other stories

Bibliographic Details
Format: Book
Published: Selangor : Words & Wisdom Sdn.Bhd , 2004
Series:Aesop's moral series
Subjects:

MARC

LEADER 00000cam a2200000 7i4500
001 0000006471
005 20220105104022.0
008 070816
020 |a 9838811343 
090 0 0 |a JP   |b MOR ENG (6761) 
245 1 0 |a Who will bell the cat? :   |b & other stories 
260 |a Selangor :   |b Words & Wisdom Sdn.Bhd ,   |c 2004 
440 |a Aesop's moral series 
500 |a Children age 4-6 years old (yellow) 
650 0 |a Moral   |x Fiction 
999 |a 0000985466   |b Book   |c Children Collection   |e Perbadanan Perpustakaan Awam Johor 
999 |a 0000985467   |b Book   |c Children Collection   |e Perbadanan Perpustakaan Awam Johor 
999 |a 0000985468   |b Book   |c Children Collection   |e Cawangan Batu Pahat 
999 |a 0000990337   |b Book   |c Children Collection   |e Cawangan Tmn. Ungku Tun Aminah 
999 |a 0000990338   |b Book   |c Children Collection   |e Perbadanan Perpustakaan Awam Johor 
999 |a 0000990339   |b Book   |c Children Collection   |e Cawangan Segamat 
999 |a 0000990340   |b Book   |c Children Collection   |e Cawangan Taman Universiti 
999 |a 0000990341   |b Book   |c Children Collection   |e Cawangan Segamat 
999 |a 0001043283   |b Book   |c Children Collection   |e Cawangan Tangkak 
999 |a 000990341   |b Book   |c Chinese Collection   |e Cawangan Taman Universiti